书目信息 |
| 题名: |
形神之辨与六朝诗学精神的建构
|
|
| 作者: | 陈建农 著 | |
| 分册: | ||
| 出版信息: | 上海 上海古籍出版社 2020.05 |
|
| 页数: | 248页 | |
| 开本: | 24cm | |
| 丛书名: | ||
| 单 册: | ||
| 中图分类: | I207.2 | |
| 科图分类: | ||
| 主题词: | 诗学--研究--中国--六朝时代 | |
| 电子资源: | ||
| ISBN: | 978-7-5325-9615-7 | |
| 000 | 01741nam0 2200277 450 | |
| 001 | 0102100410 | |
| 005 | 20210402100818.0 | |
| 010 | @a978-7-5325-9615-7@dCNY66.00 | |
| 100 | @a20200604d2020 em y0chiy50 ea | |
| 101 | 0 | @achi |
| 102 | @aCN@b310000 | |
| 105 | @ay az 000yy | |
| 106 | @ar | |
| 200 | 1 | @a形神之辨与六朝诗学精神的建构@Axing shen zhi bian yu liu chao shi xue jing shen de jian gou@dThe distinction between form and spirit and the construction of the spirit poetics in the six dynasties@f陈建农著@zeng |
| 210 | @a上海@c上海古籍出版社@d2020.05 | |
| 215 | @a248页@d24cm | |
| 300 | @a国家社科基金后期资助项目 | |
| 314 | @a陈建农,1988.9-至今:鲁东大学物理学院从事教学与科学研究。教学工作:本科生课程:《大学物理》、《电磁学实验》、《光学实验》、《近代物理实验》。目前研究领域和兴趣:纵向偏振光束在二次谐波成像和单个分子探测方面的应用等。 | |
| 320 | @a有书目(第242-245页) | |
| 330 | @a本书以六朝诗学中的概念范畴与诗歌创作为基础,深入探讨六朝诗学所体现出来的与中国传统文化密切相关的形神观念、人生体验与人格理想等方面的问题,从而揭示六朝诗学精神的形成与演变。总体而言,汉魏六朝是中国诗歌创作从自觉走向繁荣的一个过渡时期,诗学范畴的建构、诗歌体制的确立、诗歌题材的开拓等方面都是在这个时期开始出现的。人生体验、人格理想、士族文化和审美情趣是六朝诗学精神的核心,追求新变和崇尚唯美是六朝诗学发展的动力,而审美意象和艺术境界的创造是六朝诗歌创作追求的目标。六朝诗歌确立了中国诗学的民族传统,对后世的意境理论产生了深远的影响。 | |
| 510 | 1 | @aDistinction between form and spirit and the construction of the spirit poetics in the six dynasties@zeng |
| 606 | 0 | @a诗学@x研究@y中国@z六朝时代 |
| 690 | @aI207.2@v5 | |
| 701 | 0 | @a陈建农@Achen jian nong@4著 |
| 801 | 0 | @aCN@bBJSZM@c20210402 |
| 905 | @b1274260-4@dI207.2@e1363@f5 | |
| 形神之辨与六朝诗学精神的建构=The distinction between form and spirit and the construction of the spirit poetics in the six dynasties/陈建农著.-上海:上海古籍出版社,2020.05 |
| 248页;24cm |
| 国家社科基金后期资助项目 |
| ISBN 978-7-5325-9615-7:CNY66.00 |
| 本书以六朝诗学中的概念范畴与诗歌创作为基础,深入探讨六朝诗学所体现出来的与中国传统文化密切相关的形神观念、人生体验与人格理想等方面的问题,从而揭示六朝诗学精神的形成与演变。总体而言,汉魏六朝是中国诗歌创作从自觉走向繁荣的一个过渡时期,诗学范畴的建构、诗歌体制的确立、诗歌题材的开拓等方面都是在这个时期开始出现的。人生体验、人格理想、士族文化和审美情趣是六朝诗学精神的核心,追求新变和崇尚唯美是六朝诗学发展的动力,而审美意象和艺术境界的创造是六朝诗歌创作追求的目标。六朝诗歌确立了中国诗学的民族传统,对后世的意境理论产生了深远的影响。 |
| ● |
| 相关链接 |
|
|
|
|
正题名:形神之辨与六朝诗学精神的建构
索取号:I207.2/1363
 
预约/预借
| 序号 | 登录号 | 条形码 | 馆藏地/架位号 | 状态 | 备注 |
| 1 | 1274260 | 212742601 | 第一样本阅览室/ [索取号:I207.2/1363] | 在馆 | |
| 2 | 1274261 | 212742610 | 教育系资料室/ [索取号:I207.2/1363] | 在馆 | |
| 3 | 1274262 | 212742629 | 教育系资料室/ [索取号:I207.2/1363] | 在馆 | |
| 4 | 1274263 | 212742638 | 第二借阅区/ [索取号:I207.2/1363] | 在馆 | |
| 5 | 1274264 | 212742647 | 第二借阅区/ [索取号:I207.2/1363] | 在馆 |